Open your heart to god through bhakti yoga: yoga of devotion (Record no. 2158)
[ view plain ]
| 000 -LEADER | |
|---|---|
| fixed length control field | 00855 a2200229 4500 |
| 010 ## - LIBRARY OF CONGRESS CONTROL NUMBER | |
| LC control number | ENG-85285 |
| 020 ## - INTERNATIONAL STANDARD BOOK NUMBER | |
| Terms of availability | 600.00 |
| International Standard Book Number | 81893835017 |
| 035 ## - SYSTEM CONTROL NUMBER | |
| System control number | EN-68818 |
| 037 ## - SOURCE OF ACQUISITION | |
| Source of stock number/acquisition | D.B.Act / Pub |
| 082 14 - DEWEY DECIMAL CLASSIFICATION NUMBER | |
| Classification number | 181.432 |
| 090 ## - LOCALLY ASSIGNED LC-TYPE CALL NUMBER (OCLC); LOCAL CALL NUMBER (OCLC) | |
| -- | 2198 |
| -- | 2198 |
| 100 1# - MAIN ENTRY--PERSONAL NAME | |
| Personal name | Krishnaswami, O. R. |
| 245 1# - TITLE STATEMENT | |
| Title | Open your heart to god through bhakti yoga: yoga of devotion |
| Statement of responsibility, etc | by O. R. Krishnaswami |
| Remainder of title | based on the teaching of Sri Swami Satchidananda and other great masters |
| 260 ## - PUBLICATION, DISTRIBUTION, ETC. (IMPRINT) | |
| Place of publication, distribution, etc | Delhi |
| Name of publisher, distributor, etc | Dev Books |
| Date of publication, distribution, etc | 2006 |
| 260 ## - PUBLICATION, DISTRIBUTION, ETC. (IMPRINT) | |
| Place of publication, distribution, etc | Gibraltar |
| Name of publisher, distributor, etc | Integral Yoga Centre |
| Date of publication, distribution, etc | 2006 |
| 270 ## - ADDRESS | |
| Address | 11-B, Court Road |
| City | Delhi |
| State or province | Delhi |
| Postal code | 110054 |
| Electronic mail address | devbooks@vsnl.net |
| 270 ## - ADDRESS | |
| Address | 33, Town Range |
| City | Gibraltar |
| 300 ## - PHYSICAL DESCRIPTION | |
| Extent | x, 389 p. |
| Dimensions | 22 cm. (Hb) |
| 650 ## - SUBJECT ADDED ENTRY--TOPICAL TERM | |
| Topical term or geographic name as entry element | Indian philosophy |
| 942 ## - ADDED ENTRY ELEMENTS (KOHA) | |
| Institution code [OBSOLETE] | dpl |
| Koha item type | English Books |
| Call number prefix | 181.432 / KRI |
| Withdrawn status | Lost status | Source of classification or shelving scheme | Damaged status | Not for loan | Collection code | Home library | Current library | Source of acquisition | Cost, normal purchase price | Total Checkouts | Full call number | Barcode | Date last seen | Copy number | Uniform Resource Identifier | Cost, replacement price | Price effective from | Koha item type |
|---|---|---|---|---|---|---|---|---|---|---|---|---|---|---|---|---|---|---|
| Dewey Decimal Classification | Not For Loan | Non-fiction | D.B.Act.Division | D.B.Act.Division | DBAD/PUB | 600.00 | 181.432 KRI | EN-68818 | 15/09/2008 | 1 | 2290 | 600.00 | 15/09/2008 | English Books |
